Melting Hadrons, Boiling Quarks: From Hagedorn Temperature to Ultra-Relativistic Heavy-Ion Collisions at CERN (Record no. 295310)
[ view plain ]
| 000 -LEADER | |
|---|---|
| fixed length control field | 00603nam a2200109Ia 4500 |
| 008 - FIXED-LENGTH DATA ELEMENTS--GENERAL INFORMATION | |
| fixed length control field | 160531s9999 xx 000 0 und d |
| 100 ## - MAIN ENTRY--PERSONAL NAME | |
| Personal name | Rafelski, Johann. |
| 245 ## - TITLE STATEMENT | |
| Title | Melting Hadrons, Boiling Quarks: From Hagedorn Temperature to Ultra-Relativistic Heavy-Ion Collisions at CERN |
| 245 ## - TITLE STATEMENT | |
| Statement of responsibility, etc | Author: Johann Rafelski |
| 260 ## - PUBLICATION, DISTRIBUTION, ETC. (IMPRINT) | |
| Date of publication, distribution, etc | 2016 |
| 856 ## - ELECTRONIC LOCATION AND ACCESS | |
| Uniform Resource Identifier | <a href="http://download.springer.com/static/pdf/766/bok%253A978-3-319-17545-4.pdf?originUrl=http%3A%2F%2Flink.springer.com%2Fbook%2F10.1007%2F978-3-319-17545-4&token2=exp=1463112082~acl=%2Fstatic%2Fpdf%2F766%2Fbok%25253A978-3-319-17545-4.pdf%3ForiginUrl%3Dhttp%25">http://download.springer.com/static/pdf/766/bok%253A978-3-319-17545-4.pdf?originUrl=http%3A%2F%2Flink.springer.com%2Fbook%2F10.1007%2F978-3-319-17545-4&token2=exp=1463112082~acl=%2Fstatic%2Fpdf%2F766%2Fbok%25253A978-3-319-17545-4.pdf%3ForiginUrl%3Dhttp%25</a> |
| Withdrawn status | Lost status | Damaged status | Home library | Current library | Date acquired | Total Checkouts | Date last seen | Price effective from | Koha item type |
|---|---|---|---|---|---|---|---|---|---|
| College Library | College Library | 05/31/2016 | 05/31/2016 | 05/31/2016 | Curriculum - Based eBooks |